[Event "Belgrade-chT"]
[Site "Belgrade"]
[Date "2019.09.27"]
[Round "5.4"]
[White "Lundin, Jan"]
[Black "Savic, Dragoljub"]
[Result "1-0"]
[WhiteElo "2291"]
[BlackElo "1985"]
[PlyCount "35"]
[EventDate "2019.09.23"]
[EventType "team-tourn"]
[EventRounds "11"]
[EventCountry "SRB"]
[SourceTitle "EXT 2020"]
[Source "ChessBase"]
[SourceDate "2019.10.17"]
[SourceVersion "1"]
[SourceVersionDate "2019.10.17"]
[SourceQuality "1"]
[WhiteTeam "Belgrade Radnicki"]
[BlackTeam "Lasta"]
[WhiteTeamCountry "SRB"]
[BlackTeamCountry "SRB"]

1. d4 d5 2. Bf4 Nf6 3. e3 g6 4. Nf3 Bg7 5. Be2 0-0 6. Nbd2 b6 7. Ne5 Bb7 8. h4 Nbd7 9. h5 Ne4 10. hxg6 hxg6 11. Nxe4 Nxe5 12. Ng5 Nd7 13. Bg4 e5 14. Bxd7 exf4 15. Qg4 fxe3 16. fxe3 Qe7 17. Qh3 Rfe8 18. Ne6 1-0

[Event "Belgrade-chT"]
[Site "Belgrade"]
[Date "2017.10.14"]
[Round "4.1"]
[White "Budisavljevic, Luka"]
[Black "Savic, Dragoljub"]
[Result "1-0"]
[WhiteElo "2097"]
[BlackElo "2035"]
[PlyCount "47"]
[EventDate "2017.10.01"]
[EventType "team-tourn"]
[EventRounds "11"]
[EventCountry "SRB"]
[SourceTitle "CBM 181 Extra"]
[Source "ChessBase"]
[SourceDate "2017.12.12"]
[SourceVersion "1"]
[SourceVersionDate "2017.12.12"]
[SourceQuality "1"]
[WhiteTeam "Bogoslov"]
[BlackTeam "Lasta"]
[WhiteTeamCountry "SRB"]
[BlackTeamCountry "SRB"]

1. d4 Nf6 2. Nf3 g6 3. c4 Bg7 4. Nc3 d5 5. Bf4 c6 6. e3 0-0 7. Rc1 Qa5 8. Bd3 Bg4 9. 0-0 e6 10. h3 Bxf3 11. Qxf3 Nbd7 12. Bd6 Rfe8 13. b4 Qd8 14. cxd5 Nxd5 15. Nxd5 exd5 16. b5 Re6 17. Bh2 Nf6 18. bxc6 bxc6 19. Qd1 Bf8 20. Qa4 Qd7 21. Rc2 Bd6 22. Bxd6 Rxd6 23. Rfc1 Rc8 24. Bb5 1-0

[Event "Belgrade-chT"]
[Site "Belgrade"]
[Date "2016.10.18"]
[Round "10.6"]
[White "Savic, Dragoljub"]
[Black "Savic, Nemanja"]
[Result "0-1"]
[WhiteElo "2082"]
[BlackElo "2135"]
[PlyCount "100"]
[EventDate "2016.10.08"]
[EventType "team-tourn"]
[EventRounds "13"]
[EventCountry "SRB"]
[SourceTitle "CBM 175 Extra"]
[Source "ChessBase"]
[SourceDate "2016.12.12"]
[SourceVersion "1"]
[SourceVersionDate "2016.12.12"]
[SourceQuality "1"]
[WhiteTeam "Lasta"]
[BlackTeam "Mirijevo"]
[WhiteTeamCountry "SRB"]
[BlackTeamCountry "SRB"]

1. d4 Nf6 2. c4 e6 3. Nc3 Bb4 4. e3 b6 5. Bd3 Bb7 6. Nf3 0-0 7. 0-0 Bxc3 8. bxc3 d6 9. Qc2 c5 10. e4 h6 11. e5 dxe5 12. dxe5 Nfd7 13. Bf4 Qc7 14. Bg3 Nc6 15. Rfe1 Rfd8 16. Rad1 Nf8 17. h4 Rd7 18. h5 Na5 19. Qe2 Qc6 20. Bh4 Qa4 21. Rd2 Ba6 22. Qe4 Rb8 23. Qg4 Rxd3 24. Rxd3 Qxc4 25. Qxc4 Bxc4 26. Rd2 Bd5 27. Nh2 Nc4 28. Rde2 Nd7 29. f4 b5 30. Be7 Re8 31. Bh4 b4 32. cxb4 cxb4 33. Nf1 Nc5 34. Nd2 Nd3 35. Rf1 Nxd2 36. Rxd2 Bc4 37. Rb1 a5 38. Bf2 Nxf4 39. Bb6 Ra8 40. Rd7 Nxh5 41. Rc1 Bxa2 42. Rcc7 b3 43. Bd4 a4 44. g4 a3 45. Rb7 b2 46. Bxb2 axb2 47. Rxb2 Nf4 48. Rbb7 Bd5 49. Rbc7 Nh3+ 50. Kh2 Ng5 0-1

[Event "Belgrade-chT"]
[Site "Belgrade"]
[Date "2016.10.15"]
[Round "7.1"]
[White "Abramovic, Bosko"]
[Black "Savic, Dragoljub"]
[Result "1-0"]
[WhiteElo "2417"]
[BlackElo "2082"]
[PlyCount "45"]
[EventDate "2016.10.08"]
[EventType "team-tourn"]
[EventRounds "13"]
[EventCountry "SRB"]
[SourceTitle "CBM 175 Extra"]
[Source "ChessBase"]
[SourceDate "2016.12.12"]
[SourceVersion "1"]
[SourceVersionDate "2016.12.12"]
[SourceQuality "1"]
[WhiteTeam "Crvena Zvezda"]
[BlackTeam "Lasta"]
[WhiteTeamCountry "SRB"]
[BlackTeamCountry "SRB"]

1. d4 Nf6 2. Nf3 g6 3. Bf4 Bg7 4. e3 0-0 5. Be2 d6 6. h3 Nc6 7. 0-0 Qe8 8. c4 e5 9. Bh2 Ne4 10. Nc3 Nxc3 11. bxc3 e4 12. Nd2 Qe7 13. Qc2 f5 14. Rae1 Bd7 15. c5 dxc5 16. Qb3+ Kh8 17. Qxb7 Rfc8 18. Rb1 Rab8 19. Qa6 Rb6 20. Qc4 cxd4 21. cxd4 Be8 22. Rfc1 Bd7 23. Qa4 1-0

[Event "Belgrade Ada op"]
[Site "Belgrade"]
[Date "2005.08.21"]
[Round "7"]
[White "Brujic, Bozidar"]
[Black "Savic, Dragoljub"]
[Result "1-0"]
[WhiteElo "2253"]
[BlackElo "2127"]
[PlyCount "69"]
[EventDate "2005.08.15"]
[EventType "swiss"]
[EventRounds "9"]
[EventCountry "YUG"]
[SourceTitle "CBM 107 Extra"]
[Source "ChessBase"]
[SourceDate "2005.09.01"]
[SourceVersion "1"]
[SourceVersionDate "2005.09.01"]
[SourceQuality "1"]

1. d4 Nf6 2. c4 g6 3. Nc3 d5 4. e3 Bg7 5. cxd5 Nxd5 6. Bc4 Nxc3 7. bxc3 c5 8. Nf3 Nc6 9. 0-0 0-0 10. Ba3 cxd4 11. cxd4 Qa5 12. Qb3 Bg4 13. Ne1 Rac8 14. h3 Bf5 15. Rc1 a6 16. Bd5 Rc7 17. Rc5 Qd2 18. Bc1 Qb4 19. Bxf7+ Rxf7 20. Qxb4 Nxb4 21. Rxc7 Nxa2 22. Ba3 e5 23. Rxf7 Kxf7 24. Nf3 exd4 25. Nxd4 Be4 26. f3 Bd5 27. Rf2 b5 28. Rb2 Nc3 29. Rc2 Nd1 30. Rc7+ Kg8 31. Bc1 b4 32. Rd7 Bc4 33. Nc6 Nc3 34. Kf2 b3 35. Rxg7+ 1-0

[Event "Belgrade Ada op"]
[Site "Belgrade"]
[Date "2005.08.19"]
[Round "5"]
[White "Djurdjevic, Petar S"]
[Black "Savic, Dragoljub"]
[Result "1/2-1/2"]
[WhiteElo "2030"]
[BlackElo "2127"]
[PlyCount "88"]
[EventDate "2005.08.15"]
[EventType "swiss"]
[EventRounds "9"]
[EventCountry "YUG"]
[SourceTitle "CBM 107 Extra"]
[Source "ChessBase"]
[SourceDate "2005.09.01"]
[SourceVersion "1"]
[SourceVersionDate "2005.09.01"]
[SourceQuality "1"]

1. d4 Nf6 2. Nf3 g6 3. g3 Bg7 4. Bg2 0-0 5. 0-0 d6 6. c4 c5 7. Nc3 Nc6 8. dxc5 dxc5 9. Be3 Qa5 10. Qa4 Qxa4 11. Nxa4 b6 12. Nc3 Bd7 13. h3 Rad8 14. Rad1 Rfe8 15. Bc1 h6 16. e3 Bc8 17. Nb5 Rxd1 18. Rxd1 a6 19. Nc3 Rd8 20. Rxd8+ Nxd8 21. Ne5 Bd7 22. Nxd7 Nxd7 23. Nd5 Kf8 24. Nc7 a5 25. f4 e6 26. Kf2 Ke7 27. Nb5 f5 28. b3 Bf6 29. a3 Ba1 30. Bd2 e5 31. Bf3 e4 32. Bd1 Ne6 33. g4 Bb2 34. gxf5 gxf5 35. Bh5 Ng7 36. Bd1 Ne8 37. b4 axb4 38. axb4 Nd6 39. Nxd6 Kxd6 40. Bh5 Ke6 41. b5 Bf6 42. Kg3 Bd8 43. Bc3 Nf6 44. Be2 Kf7 1/2-1/2

[Event "Belgrade Jezero op 10th"]
[Site "Belgrade"]
[Date "2004.08.25"]
[Round "9"]
[White "Nestorovic, Lazar"]
[Black "Savic, Dragoljub"]
[Result "1-0"]
[WhiteElo "1917"]
[BlackElo "2137"]
[PlyCount "39"]
[EventDate "2004.08.17"]
[EventType "swiss"]
[EventRounds "9"]
[EventCountry "YUG"]
[SourceTitle "EXT 2005"]
[Source "ChessBase"]
[SourceDate "2004.11.15"]
[SourceVersion "1"]
[SourceVersionDate "2004.11.15"]
[SourceQuality "1"]

1. e4 c5 2. Nf3 Nc6 3. Bb5 g6 4. Bxc6 bxc6 5. 0-0 Bg7 6. Re1 e5 7. c3 Ne7 8. d4 cxd4 9. cxd4 exd4 10. Nxd4 Qb6 11. Nb3 a5 12. Be3 Qd8 13. Bd4 0-0 14. Bxg7 Kxg7 15. Qd4+ Kg8 16. Nc3 d5 17. exd5 Nxd5 18. Rad1 Be6 19. Qc5 Qb6 20. Rxd5 1-0

[Event "Belgrade Jezero op 10th"]
[Site "Belgrade"]
[Date "2004.08.18"]
[Round "2"]
[White "Zmijanac, Dusko"]
[Black "Savic, Dragoljub"]
[Result "0-1"]
[WhiteElo "2236"]
[BlackElo "2137"]
[PlyCount "78"]
[EventDate "2004.08.17"]
[EventType "swiss"]
[EventRounds "9"]
[EventCountry "YUG"]
[SourceTitle "EXT 2005"]
[Source "ChessBase"]
[SourceDate "2004.11.15"]
[SourceVersion "1"]
[SourceVersionDate "2004.11.15"]
[SourceQuality "1"]

1. d4 Nf6 2. Bg5 Ne4 3. Bf4 c5 4. f3 Qa5+ 5. c3 Nf6 6. Nd2 cxd4 7. Nb3 Qb6 8. cxd4 d5 9. e3 e6 10. Ne2 a5 11. a4 Bd7 12. Nc3 Bb4 13. Bg5 Na6 14. Kf2 Rc8 15. Nb5 Nc7 16. Rc1 0-0 17. Bxf6 gxf6 18. Nc5 Be8 19. f4 Nxb5 20. Qg4+ Kh8 21. Qh4 Rg8 22. Qxf6+ Rg7 23. Bxb5 Bxb5 24. Nxe6 Rcg8 25. Qxg7+ Rxg7 26. Nxg7 Kxg7 27. axb5 Qxb5 28. Rhd1 Bd6 29. Rc2 a4 30. Rdd2 Qa5 31. Rd3 b5 32. Rc6 Be7 33. e4 dxe4 34. Rg3+ Kf8 35. Rc8+ Bd8 36. Rg5 Qd2+ 37. Kg3 Qe3+ 38. Kg4 Qxd4 39. Rxb5 Qd7+ 0-1

[Event "Belgrade Jezero op 09th"]
[Site "Belgrade"]
[Date "2003.08.21"]
[Round "8"]
[White "Podinic, Bojan"]
[Black "Savic, Dragoljub"]
[Result "0-1"]
[WhiteElo "2206"]
[BlackElo "2133"]
[PlyCount "79"]
[EventDate "2003.08.14"]
[EventType "swiss"]
[EventRounds "9"]
[EventCountry "YUG"]
[SourceTitle "EXT 2004"]
[Source "ChessBase"]
[SourceDate "2003.11.25"]
[SourceVersion "1"]
[SourceVersionDate "2003.11.25"]
[SourceQuality "1"]

1. e4 d6 2. d4 Nf6 3. Nc3 g6 4. f4 Bg7 5. Nf3 0-0 6. Bd3 Nc6 7. 0-0 Bg4 8. Be3 e5 9. fxe5 dxe5 10. d5 Nd4 11. Be2 Bxf3 12. Bxf3 c5 13. Bg5 h6 14. Bh4 Qc7 15. Bxf6 Bxf6 16. Ne2 Bg5 17. c4 Nxe2+ 18. Bxe2 Rad8 19. Bg4 Rd6 20. Rf3 Qe7 21. Qe2 Rfd8 22. Raf1 Rf6 23. Rxf6 Bxf6 24. Qf2 Kg7 25. b4 b6 26. bxc5 bxc5 27. Rb1 Rd6 28. Qxc5 Rb6 29. Rb5 Rxb5 30. Qxb5 Qa3 31. Qb3 Qc1+ 32. Kf2 Bd8 33. g3 Bb6+ 34. Ke2 Ba5 35. Kf2 Qd2+ 36. Be2 Qe1+ 37. Kf3 Qh1+ 38. Ke3 Qc1+ 39. Kf2 Qh1 40. Bf3 0-1

[Event "Belgrade Jezero op 09th"]
[Site "Belgrade"]
[Date "2003.08.18"]
[Round "5"]
[White "Savic, Dragoljub"]
[Black "Smiljkovic, Milan"]
[Result "1/2-1/2"]
[WhiteElo "2133"]
[BlackElo "2018"]
[PlyCount "100"]
[EventDate "2003.08.14"]
[EventType "swiss"]
[EventRounds "9"]
[EventCountry "YUG"]
[SourceTitle "EXT 2004"]
[Source "ChessBase"]
[SourceDate "2003.11.25"]
[SourceVersion "1"]
[SourceVersionDate "2003.11.25"]
[SourceQuality "1"]

1. e4 e6 2. d4 d5 3. Nc3 Nf6 4. Bg5 Be7 5. e5 Nfd7 6. h4 Bxg5 7. hxg5 Qxg5 8. Nh3 Qh6 9. Nb5 Na6 10. a3 Nb6 11. f4 g6 12. Nf2 Qg7 13. Ng4 Nd7 14. Nh6 Nb6 15. a4 Bd7 16. b3 Nc8 17. Qd2 c6 18. Nc3 Nc7 19. Nd1 Ne7 20. Qb4 b6 21. Nf2 Kd8 22. g4 f5 23. g5 Ng8 24. c4 Nxh6 25. Rxh6 Qe7 26. c5 Kc8 27. Qc3 Kb7 28. b4 b5 29. axb5 cxb5 30. Nd3 Bc6 31. Nc1 a6 32. Qa3 a5 33. bxa5 Ka7 34. Nd3 Na6 35. Nb4 Nxb4 36. Qxb4 Ka6 37. Rb1 Rab8 38. Rb3 Qc7 39. Rh2 Qg7 40. Rbh3 Qc7 41. Qb1 Rb7 42. Kd1 Ra8 43. Qb4 Rc8 44. Kc1 Qd7 45. Qe1 Qc7 46. Ra2 Qd7 47. Kb1 Qc7 48. Rh6 Ra8 49. Qh4 Rg8 50. Rh2 Rg7 1/2-1/2

[Event "JUG-ch2 email"]
[Site "Yugoslavia"]
[Date "1999.??.??"]
[Round "?"]
[White "Brajovic, Spasoje"]
[Black "Savic, Dragoljub"]
[Result "1/2-1/2"]
[WhiteElo "2266"]
[BlackElo "2200"]
[PlyCount "73"]
[EventDate "1999.09.02"]
[EventType "tourn (corr)"]
[EventRounds "18"]
[EventCountry "YUG"]
[SourceTitle "Corr 2002"]
[Source "ChessBase"]
[SourceDate "2002.05.23"]
[SourceVersion "1"]
[SourceVersionDate "2002.05.23"]
[SourceQuality "1"]

1. e4 c5 2. Nf3 e6 3. d4 cxd4 4. Nxd4 a6 5. c4 Nf6 6. Nc3 Bb4 7. Bd3 Nc6 8. Nc2 Bxc3+ 9. bxc3 d5 10. exd5 exd5 11. Ba3 Be6 12. Qe2 Qa5 13. Bb4 Nxb4 14. cxb4 Qc7 15. c5 0-0 16. 0-0 Rfe8 17. Qf3 Bg4 18. Qg3 Qxg3 19. hxg3 Be2 20. Bxe2 Rxe2 21. Nd4 Rb2 22. a3 Ne4 23. Rad1 a5 24. c6 bxc6 25. Nxc6 axb4 26. axb4 Raa2 27. Rxd5 h6 28. Ra5 Rxf2 29. Rxf2 Rxf2 30. Re5 Re2 31. b5 f6 32. Re8+ Kf7 33. Rxe4 Rxe4 34. b6 Rc4 35. b7 Rxc6 36. b8Q Re6 37. Qb3 1/2-1/2

[Event "JUG-ch2 email"]
[Site "Yugoslavia"]
[Date "1999.??.??"]
[Round "?"]
[White "Brkic, Zoran"]
[Black "Savic, Dragoljub"]
[Result "1/2-1/2"]
[WhiteElo "2523"]
[BlackElo "2200"]
[PlyCount "94"]
[EventDate "1999.09.02"]
[EventType "tourn (corr)"]
[EventRounds "18"]
[EventCountry "YUG"]
[SourceTitle "Corr 2002"]
[Source "ChessBase"]
[SourceDate "2002.05.23"]
[SourceVersion "1"]
[SourceVersionDate "2002.05.23"]
[SourceQuality "1"]

1. e4 c5 2. Nf3 Nc6 3. d4 cxd4 4. Nxd4 Nf6 5. Nc3 d6 6. Bc4 Qb6 7. Nxc6 bxc6 8. 0-0 e5 9. b3 Be7 10. Bb2 0-0 11. Na4 Qc7 12. Qe2 Bb7 13. Rad1 Rad8 14. Bd3 Bc8 15. c4 Be6 16. Bc2 Rfe8 17. Rd2 Bf8 18. f4 exf4 19. Bxf6 gxf6 20. Qh5 Bg7 21. Rdf2 Bc8 22. Rxf4 Re5 23. Qh4 Rde8 24. Kh1 Qa5 25. Rd1 R8e6 26. Qf2 c5 27. Rf3 Bb7 28. Nc3 h6 29. Rg3 Rg5 30. a4 Qb6 31. Rf3 Rge5 32. Qf1 a6 33. Rf4 Qa5 34. Qf3 f5 35. Rf1 Re7 36. Rh4 R5e6 37. Nd5 Bxd5 38. exd5 Re1 39. Bd3 R7e5 40. Qf2 Rxf1+ 41. Bxf1 Qe1 42. Rf4 Qxf2 43. Rxf2 Re3 44. Rf3 Rxf3 45. gxf3 Bc3 46. Kg2 Kg7 47. f4 a5 1/2-1/2